{"text_format":"3","workbook":"xlsx","n_sheets":1,"sheets":["机械"],"read":"whole","date_system":"1900"}

{"sheet":"机械","index":0,"n_rows":22,"n_cols":7,"rows_kept":22,"merged":[[0,0,0,6],[1,0,1,6],[20,0,20,5],[21,0,21,6]]}
["机械招标控制价"]
["工程名称：红谷滩区积水点整治工程-机械"]
["序号","项目名称","项目特征描述","计量单位","工程量","含税单价（元）","合价"]
[1,"柴油发电机 功率60kW","1.柴油发电机组 功率 60kW","台班",20,445,{"$f":"ROUND(E4*F4,2)","v":8900}]
[2,"柴油发电机 功率30kW","1.柴油发电机组 功率 30kW","台班",30,330,{"$f":"ROUND(E5*F5,2)","v":9900}]
[3,"柴油发电机 功率16kW","1.柴油发电机组 功率 16kW","台班",80,310,24800]
[4,"钢轮振动压路机","1.5t","台班",10,{"$f":"1500*1.2","v":1800},18000]
[5,"电动切割机",null,"台班",50,16,800]
[6,"履带式/轮式挖掘机","斗容量0.6方 零星60挖机","台班",10,1360,13600]
[7,"履带式挖掘机","斗容量1.0方 零星220挖机","台班",20,2100,42000]
[8,"挖机进出场费","履带式挖机进场+出场","台次",10,500,5000]
[9,"轮式挖掘机","斗容量1.0方 零星220挖机","台班",60,2100,126000]
[10,"农用车","6-8方，垃圾外运，含倒垃圾","车",80,400,32000]
[11,"箱式工程车","1.箱式工程车及其配套设施（含空压机、水泵、电葫芦等）\n2.车长5.5米，宽1.9米，高2.5米","台班",20,1600,32000]
[12,"箱式工程车","1.箱式工程车及其配套设施（含空压机、水泵、电葫芦等）\n2.车长6米，宽2.4米，高3.2米","台班",100,1800,180000]
[13,"高压疏通车","1.吸粪车（10t)，疏通，吸污","台班",90,2000,180000]
[14,"高压疏通车","1.吸粪车（25t)，疏通，吸污","台班",20,3500,70000]
[15,"排查雨，污管道","1.雨，污管道QV镜排查\n启闭井盖,强制通风,设备调试,检测设备下井,管道检测,影像判读,取出检测设备,清洗设备,运输,完成评估报告等.","m",5000,7,35000]
[16,"CCTV检测","1.雨，污管道CCTV检测\n启闭井盖,强制通风,设备调试,检测设备下井,管道检测,影像判读,取出检测设备,清洗设备,运输,完成评估报告等.","m",4000,10,40000]
[17,"有毒气体检测","有毒气体检测\n工作内容:仪器调试、标定、检测、记录报告等.","次",150,50,7500]
["合计（元）：",{"$nulls":5},{"$f":"SUM(G1:G20)","v":825500}]
["备注：1、招标暂估数量由市政管养部、工程管理部提供，结算据实调整；\n      2、本单价为机械租赁市场参考行情价（综合考虑所有税费，劳务税率3%）"]